000 02098cam a2200361 a 4500
001 17951461
003 OSt
005 20240823134233.0
008 131122s2012 stka b 001 0 eng c
010 _a 2013444168
016 7 _a101593365
_2DNLM
020 _a9780323066587
020 _a0323066585
035 _a(OCoLC)ocn813381426
040 _aNLM
_beng
_cWIUC-GH
_dAU@
_dOCLCO
_dTVJ
_dDLC
042 _apcc
050 0 0 _aRL96.R375
060 0 0 _a2012 H-609
060 1 0 _aWR 105
082 0 0 _a616.5
_223
100 1 _aRapini, Ronald P.
_93050
245 1 0 _aPractical dermatopathology. /
_cRonald P. Rapini.
250 _a2nd ed.
260 _aEdinburgh :
_bElsevier/Saunders,
_c2012.
300 _a450 p. :
_bill. ;
_c28 cm.
504 _aIncludes bibliographical references and index.
505 0 _a1. Clinical and Pathologic Findings with Differential Diagnostic Lists -- 2. Eczematous and Papulosquamous Diseases -- 3. Reactive Erythemas -- 4. Vasculitis and Other Purpuric Diseases -- 5. Intraepidermal Vesicular and Pustular Diseases -- 6. Subepidermal Vesicular Diseases -- 7. Non-infectious Granulomas -- 8. Deposition and Metabolic Diseases -- 9. Alterations of Connective Tissue -- 10. Adnexal Inflammatory Diseases -- 11. Some Genodermatoses -- 12. Bacterial Diseases -- 13. Fungal Diseases -- 14. Viral, Rickettsial, and Chlamydial Diseases -- 15. Parasitic Diseases -- 16. Panniculitis -- 17. Other Non-neoplastic Diseases -- 18. Epithelial Neoplasms -- 19.Cysts -- 20. Melanocytic Neoplasms -- 21. Sebaceous Neoplasms -- 22. Follicular Neoplasms -- 23. Sweat Gland Neoplasms -- 24. Myeloproliferative Disorders -- 25. Vascular Proliferations and Neoplasms -- 26. Neural Neoplasms -- 27. Fibrohistiocytic Proliferations and Neoplasms -- 28. Metastatic Neoplasms to Skin --29. Miscellaneous Remnants and Neoplasms -- 30. Special Stains.
650 0 _aSkin
_xDiseases
_xDiagnosis.
_93051
650 1 2 _aSkin Diseases
_xpathology.
_93052
650 2 2 _aConnective Tissue Diseases
_xpathology.
_93053
906 _a7
_bcbc
_cpccadap
_d2
_encip
_f20
_gy-gencatlg
942 _2lcc
_cBK
999 _c10392
_d17892